LIBRARY & INFORMATION CENTRE, KCAET, TAVANUR

ONLINE PUBLIC ACCESS CATALOGUE (OPAC)

Aade raste / (Record no. 8490)

MARC details
000 -LEADER
fixed length control field 00503cam a2200205ua 4500
041 ## - LANGUAGE CODE
Language code of text/sound track or separate title hin
082 ## - DEWEY DECIMAL CLASSIFICATION NUMBER
Classification number 891.54
Item number KAN/AA
100 ## - MAIN ENTRY--AUTHOR NAME
Personal name Kanhailal Maniklal, Munshi .
245 ## - TITLE STATEMENT
Title Aade raste /
250 ## - EDITION STATEMENT
Edition statement 1 /
260 ## - PUBLICATION, DISTRIBUTION, ETC. (IMPRINT)
Place of publication Delhi :
Name of publisher Rajkamal Prakashan ,
Year of publication 1979.
300 ## - PHYSICAL DESCRIPTION
Number of Pages 223 ; .
942 ## - ADDED ENTRY ELEMENTS (KOHA)
Koha item type Books
Holdings
Withdrawn status Lost status Damaged status Home library Current library Date acquired Full call number Accession Number Koha item type
Withdrawn     KAUAET Sanskrit University 07/04/2012 891.54 2206 Books
free website counter